000 00463nam a2200157Ia 4500
005 20250217060540.0
008 240331s9999 xx 000 0 und d
082 _bARA
_a954
100 _aArasaratnam, S
245 0 _aHistorical foundation of the economy of the tamils of north Sri Lanka :
_bchelvanayagam memorial lectures
260 _aJaffna
_bThanthai Chelva Memorial Trust
_c1982
300 _a44 p .,
650 _aHistory
650 _aEconomy
942 _cL
999 _c3531
_d3531